000 00652nam a2200217 i 4500
001 bgj
100 1 _aOXENDEN, Clive
245 1 0 _aEnglish File :
_bteacher's book /
_cClive Oxenden ; Paul Seligson ; with Christina Latham-Koenig.
260 _aOxford :
_bOxford University Press,
_c2000.
300 _a224 pp :
_bill. ;
_c30 cm.
650 9 _aEnglish language
655 _aTextbooks for foreigners
700 1 _aSELIGSON, Paul.
_eco-author
700 1 _aLATHAM-KOENIG, Christina.
_eco-author
020 _a0194355209
040 _cBPK
041 0 _aeng
920 _a0-19-435520-9
942 _cKS
008 s uk f |000 0 eng
999 _c48969
_d48969